[Event "Avoine op 33rd"]
[Site "Avoine"]
[Date "2018.07.23"]
[Round "3"]
[White "Jassem, Philippe"]
[Black "Droin, Augustin"]
[Result "1/2-1/2"]
[WhiteElo "1699"]
[BlackElo "2095"]
[PlyCount "61"]
[EventDate "2018.07.21"]
[EventType "swiss"]
[EventRounds "9"]
[EventCountry "FRA"]
[SourceTitle "CBM 185 Extra"]
[Source "ChessBase"]
[SourceDate "2018.07.29"]
[SourceVersion "1"]
[SourceVersionDate "2018.07.29"]
[SourceQuality "1"]

1. e4 c5 2. Nf3 d6 3. Nc3 Nf6 4. e5 dxe5 5. Nxe5 a6 6. g3 Nbd7 7. d4 Nxe5 8. dxe5 Qxd1+ 9. Nxd1 Ng4 10. Bf4 g5 11. Bxg5 Nxe5 12. Bg2 Bg7 13. Be3 Nd7 14. c3 Rb8 15. 0-0 b6 16. Bf4 e5 17. Bg5 Bb7 18. Ne3 Bxg2 19. Kxg2 Bf6 20. Bxf6 Nxf6 21. Rad1 Ke7 22. Nd5+ Nxd5 23. Rxd5 f6 24. Rfd1 Rbd8 25. Rxd8 Rxd8 26. Rxd8 Kxd8 27. Kf3 Ke7 28. Ke4 Ke6 29. g4 h5 30. h3 hxg4 31. hxg4 1/2-1/2

[Event "Charleroi op"]
[Site "Charleroi"]
[Date "2015.08.01"]
[Round "1"]
[White "Lux, Hugo de Melo"]
[Black "Jassem, Philippe"]
[Result "1-0"]
[WhiteElo "2135"]
[BlackElo "1813"]
[PlyCount "78"]
[EventDate "2015.08.01"]
[EventType "swiss"]
[EventRounds "9"]
[EventCountry "BEL"]
[SourceTitle "CBM 167 Extra"]
[Source "ChessBase"]
[SourceDate "2015.09.14"]
[SourceVersion "1"]
[SourceVersionDate "2015.09.14"]
[SourceQuality "1"]

1. e4 c6 2. Ne2 d5 3. e5 c5 4. d4 Nc6 5. c3 Bf5 6. Ng3 Bg6 7. dxc5 e6 8. b4 Nxe5 9. Bb5+ Nc6 10. Nd2 Nf6 11. Nf3 Nd7 12. Bf4 Be7 13. 0-0 0-0 14. Re1 Ncb8 15. Rc1 Nf6 16. Nd4 a6 17. Ba4 Qc8 18. Ndf5 Bxc5 19. bxc5 exf5 20. Bd6 Nc6 21. Bxf8 Qxf8 22. Bxc6 bxc6 23. Qa4 Ne4 24. Nxe4 fxe4 25. c4 Rd8 26. cxd5 Rxd5 27. Qb4 f5 28. Qb7 Be8 29. Qa7 h6 30. a4 Kh7 31. a5 Kg6 32. Qxa6 Rxc5 33. Qb6 Rxc1 34. Rxc1 Qa3 35. Rb1 f4 36. Qb3 Qe7 37. a6 e3 38. fxe3 fxe3 39. Re1 Qc5 1-0